ظهور الإسلام : (Record no. 16204)

MARC details
000 -الفاتح
حقل البيانات ثابتة الطول 00570nam a22001457a 4500
008 - عناصر البيانات ثابتة الطول - معلومات عامة
حقل البيانات ثابتة الطول 111114s1947 ua|||||r|||| 000 0 ara d
082 ## - رقم تصنيف ديوى العشرى
رقم الطبعة 22
رقم التصنيف 210.9
رقم المادة ب خ ي
100 ## - المدخل الرئيسى - إسم شخصى
9 (RLIN) 26542
الإسم الشخصى بخيت،عبد الحميد
245 ## - بيان العنوان
العنوان ظهور الإسلام :
بقية العنوان وسيادة مبادئه /
بيان المسئوليه,etc عبد الحميد بخيت
260 ## - PUBLICATION, DISTRIBUTION, ETC. (IMPRINT)
مكان الناشر او الموزع القاهرة :
اسم الناشر او الموزع مكتبة الأنجلو المصرية، [1947]
تاريخ النشر أو التوزيع [1947
300 ## - الوصف المادى
التعداد 430 ص ؛
أبعاد الوعاء 24 سم
504 ## - تبصرة ببليوجرافية
تبصرة ببليوجرافية,الخ يشتمل على إرجاعات ببليوجرافية : ص427-430
653 ## - مصطلح تكشيفى غير مقيد
Resource For college
Arrived date list November2011
942 ## - عناصر المدخل الإضافي( كوها)
مصدر التصنيف او مخطط الترفيف Dewey Decimal Classification
Koha [default] item type Book - Borrowing
Holdings
حالة التراجع حالة الفقد مصدر التصنيف او خطة الترفيف حالة تلف ليس للاعارة مجموعات كوها المكان الدائم المكان الحالي موقع الترفيف تاريخ الاكتساب Source of acquisition رقم الاستدعاء الباركود Date last seen نوع الوعاء
    Dewey Decimal Classification     Alef-Baa Central Library Central Library Lower Floor 14/11/2011   210.9 ب خ ي 000025634 15/07/2025 Book - Borrowing